[Event "Torneo B"]
[Site "Formia ITA"]
[Date "1995.07.??"]
[Round "?"]
[White "Doric, Nenad"]
[Black "Vismara, Daniele"]
[Result "1-0"]
[WhiteElo "2245"]
[BlackElo "2254"]
[PlyCount "59"]
[EventDate "1995.07.20"]

1. e4 c5 2. Nf3 Nc6 3. Nc3 g6 4. Bc4 Bg7 5. O-O Nf6 6. Ng5 O-O 7. f4 d6 8. d3
Bg4 9. Qe1 Nd4 10. e5 Nxc2 11. Qh4 dxe5 12. fxe5 Qd4+ 13. Rf2 Nh5 14. Nb5 Qxe5
15. Rxc2 a6 16. Nc3 Bf6 17. Nce4 Qd4+ 18. Rf2 b5 19. Bxf7+ Rxf7 20. Qxg4 Bxg5
21. Bxg5 Raf8 22. Qe2 Nf4 23. Bxf4 Rxf4 24. g3 Rf3 25. Raf1 Rxd3 26. Nxc5 Rdf3
27. Ne6 Rxf2 28. Rxf2 Rxf2 29. Qxf2 Qd1+ 30. Qf1 1-0

[Event "Torneo B"]
[Site "Formia ITA"]
[Date "1995.07.??"]
[Round "?"]
[White "Esposito, Luca"]
[Black "Coppini, Giorgio"]
[Result "1/2-1/2"]
[WhiteElo "2025"]
[BlackElo "2210"]
[PlyCount "23"]
[EventDate "1995.07.20"]

1. d4 d5 2. Nf3 c6 3. Bf4 Nf6 4. e3 Nh5 5. Bg5 h6 6. Bh4 Nf6 7. c4 Nbd7 8. Nc3
g6 9. cxd5 Nxd5 10. e4 Nc7 11. Bc4 Nb6 12. Bb3 1/2-1/2

[Event "Torneo B"]
[Site "Formia ITA"]
[Date "1995.07.??"]
[Round "?"]
[White "Esposito, Luca"]
[Black "Gazmaga, Stefan"]
[Result "0-1"]
[WhiteElo "2025"]
[BlackElo "2235"]
[PlyCount "94"]
[EventDate "1995.07.20"]

1. d4 g6 2. c4 Bg7 3. Nc3 d6 4. e4 Nd7 5. Be2 e5 6. Nf3 Nh6 7. h3 O-O 8. Be3 f6
9. Qd2 Nf7 10. g4 c6 11. d5 Qe7 12. Ng1 f5 13. f3 c5 14. Bd3 fxg4 15. fxg4 Bh6
16. Nf3 Bxe3 17. Qxe3 Nf6 18. O-O Bd7 19. Rf2 h6 20. Qe2 Nh7 21. Raf1 Nfg5 22.
Nxg5 Qxg5 23. Rxf8+ Rxf8 24. Rxf8+ Kxf8 25. Nd1 h5 26. Ne3 Nf6 27. Qf2 hxg4 28.
h4 Qf4 29. Ng2 Qxf2+ 30. Kxf2 Kg7 31. a3 Kh6 32. b4 b6 33. b5 g5 34. a4 Nh5 35.
hxg5+ Kxg5 36. Ne3 Kh6 37. Bf1 Nf4 38. Bg2 Nd3+ 39. Ke2 Nf4+ 40. Kf2 Nd3+ 41.
Ke2 Nb2 42. Nf5+ Bxf5 43. exf5 Kg5 44. Be4 Nxc4 45. Kd3 Nb2+ 46. Kc2 Nc4 47.
Kc3 Na5 0-1

[Event "Torneo B"]
[Site "Formia ITA"]
[Date "1995.07.??"]
[Round "?"]
[White "Esposito, Luca"]
[Black "Neri, Enzo"]
[Result "1-0"]
[WhiteElo "2025"]
[BlackElo "2069"]
[PlyCount "65"]
[EventDate "1995.07.20"]

1. d4 d5 2. Nf3 e6 3. Bf4 Bd6 4. Bg3 Nf6 5. Nbd2 O-O 6. e3 b6 7. Ne5 Bb7 8. Bd3
Nbd7 9. f4 Ne4 10. c3 Bxe5 11. fxe5 Qg5 12. Qe2 h6 13. Bf4 Qh4+ 14. g3 Qe7 15.
Bxe4 dxe4 16. g4 Rac8 17. h4 g5 18. hxg5 Kg7 19. Rxh6 Rh8 20. Qh2 Rcg8 21.
O-O-O Nf8 22. Rh1 Ng6 23. Qe2 Nxf4 24. exf4 e3 25. Nf3 Qd7 26. Qh2 Qd8 27. Rxh8
Rxh8 28. Qxh8+ Qxh8 29. Rxh8 Kxh8 30. Ne1 Ba6 31. Ng2 e2 32. Kd2 Bb7 33. Ne1
1-0

[Event "Torneo B"]
[Site "Formia ITA"]
[Date "1995.07.??"]
[Round "?"]
[White "Esposito, Luca"]
[Black "Picardi, Angelo"]
[Result "1-0"]
[WhiteElo "2025"]
[BlackElo "2048"]
[PlyCount "35"]
[EventDate "1995.07.20"]

1. d4 Nf6 2. Nf3 c5 3. d5 e6 4. c4 b5 5. Bg5 h6 6. Bh4 g5 7. Bg3 bxc4 8. dxe6
fxe6 9. Qc2 Rg8 10. Qxc4 d5 11. Qc2 Nc6 12. Nbd2 Bd6 13. e4 g4 14. Bb5 Qb6 15.
Nd4 Bd7 16. Bxc6 Bxc6 17. Nxc6 Qxc6 18. e5 1-0

[Event "Torneo B"]
[Site "Formia ITA"]
[Date "1995.07.??"]
[Round "?"]
[White "Fuggetta, Leonardo"]
[Black "Andreoli, Mark"]
[Result "1-0"]
[WhiteElo "2115"]
[BlackElo "2085"]
[PlyCount "79"]
[EventDate "1995.07.20"]

1. c4 Nf6 2. Nc3 g6 3. g3 Bg7 4. Bg2 O-O 5. e4 d6 6. d4 Nc6 7. Nge2 e5 8. O-O
Re8 9. d5 Nd4 10. h3 c6 11. dxc6 bxc6 12. b3 c5 13. Bb2 Bb7 14. Nc1 h5 15. Nd3
h4 16. g4 Nh7 17. f4 exf4 18. Nxf4 Ng5 19. Qd3 Nge6 20. Ncd5 Nxf4 21. Nxf4 Qe7
22. Rae1 Rad8 23. Bc3 Be5 24. Ne2 Nc6 25. Qd2 Bxc3 26. Nxc3 Ne5 27. Qh6 Nd3 28.
Re3 Nb4 29. g5 d5 30. Ref3 dxe4 31. Rxf7 Qxf7 32. Rxf7 Kxf7 33. Qh7+ Kf8 34.
Qh8+ Ke7 35. Qg7+ Kd6 36. Qxb7 e3 37. Ne2 Rd7 38. Qf3 Rde7 39. a3 Nc2 40. Qc6+
1-0

[Event "Torneo B"]
[Site "Formia ITA"]
[Date "1995.07.??"]
[Round "?"]
[White "Fuggetta, Leonardo"]
[Black "D'Amore, Emanuele"]
[Result "0-1"]
[WhiteElo "2115"]
[BlackElo "1992"]
[PlyCount "75"]
[EventDate "1995.07.20"]

1. c4 c5 2. Nc3 Nf6 3. g3 e6 4. Nf3 b6 5. Bg2 Bb7 6. O-O Be7 7. d4 cxd4 8. Nxd4
Bxg2 9. Kxg2 Qc8 10. Qd3 a6 11. e4 d6 12. b3 Nbd7 13. Bb2 O-O 14. Rfd1 Qb7 15.
f3 Rac8 16. Rac1 Rfe8 17. Rc2 Bf8 18. Rcd2 g6 19. Qf1 Rc7 20. h3 Rec8 21. Qd3
Ne5 22. Qe3 Re8 23. f4 Ned7 24. Nf3 Nc5 25. Re2 Rcc8 26. Kh2 e5 27. fxe5 dxe5
28. Nd5 Ncxe4 29. Nxf6+ Nxf6 30. Bxe5 Nd7 31. Qd3 Nxe5 32. Rxe5 Rxe5 33. Nxe5
Bg7 34. Qd5 Qe7 35. Qd7 Qxd7 36. Nxd7 Rd8 37. Rd5 b5 38. Nb6 0-1

[Event "Torneo B"]
[Site "Formia ITA"]
[Date "1995.07.??"]
[Round "?"]
[White "Fuggetta, Leonardo"]
[Black "Della Ragione, Achille"]
[Result "1-0"]
[WhiteElo "2115"]
[BlackElo "2142"]
[PlyCount "81"]
[EventDate "1995.07.20"]

1. c4 c5 2. Nc3 Nf6 3. g3 e6 4. Nf3 d5 5. cxd5 exd5 6. d4 Nc6 7. Bg2 b6 8. O-O
Be7 9. Bg5 Be6 10. Ne5 Nxd4 11. Qa4+ b5 12. Nxb5 Nxe2+ 13. Kh1 O-O 14. Rae1 a6
15. Rxe2 axb5 16. Qxb5 Rxa2 17. Nc6 Qd7 18. Nxe7+ Qxe7 19. Qb3 Ra7 20. Bxf6
gxf6 21. Rfe1 Qd6 22. h4 c4 23. Qf3 Kg7 24. h5 h6 25. Rxe6 fxe6 26. Qg4+ Kf7
27. Qg6+ Ke7 28. Qxh6 Qb4 29. Qe3 Ra6 30. Bxd5 e5 31. Qe2 Ra2 32. Rd1 Rxb2 33.
Qg4 Rd2 34. Qg7+ Kd8 35. Rxd2 Qxd2 36. Qxf8+ Kc7 37. Qf7+ Kc8 38. Qe8+ Kc7 39.
Qc6+ Kd8 40. Qd6+ Ke8 41. Bc6+ 1-0

[Event "Torneo B"]
[Site "Formia ITA"]
[Date "1995.07.??"]
[Round "?"]
[White "Fuggetta, Leonardo"]
[Black "Messina, Enrico"]
[Result "0-1"]
[WhiteElo "2115"]
[BlackElo "2018"]
[PlyCount "132"]
[EventDate "1995.07.20"]

1. c4 Nf6 2. Nc3 g6 3. g3 Bg7 4. Bg2 O-O 5. e4 d6 6. Nge2 e5 7. d4 Nbd7 8. O-O
c6 9. h3 Re8 10. Re1 Qc7 11. Be3 Nf8 12. Qc2 Be6 13. c5 dxc5 14. dxc5 h6 15.
Red1 Rad8 16. b4 Bc8 17. a4 Ne6 18. Rxd8 Rxd8 19. Rd1 Ne8 20. Rxd8 Qxd8 21. Qd2
Qxd2 22. Bxd2 a5 23. bxa5 Nxc5 24. Be3 Bf8 25. Bf1 Nc7 26. Nc1 N7a6 27. g4 Nb4
28. f3 Be6 29. Be2 Nc2 30. Bf2 Na3 31. Kf1 Nc4 32. Be1 Nxa5 33. Nd5 cxd5 34.
exd5 Bxd5 35. Bxa5 Nxa4 36. Nd3 f6 37. Ke1 Nc5 38. Nb4 Be6 39. Nc2 Kf7 40. Ne3
Na6 41. Nc4 Nb4 42. Kd2 Nd5 43. Kc2 Nf4 44. Bf1 Bd5 45. Nd2 Ne6 46. Kd3 Nd4 47.
Ke3 Nb3 48. Nxb3 Bxb3 49. Bb6 Ke6 50. Bd3 f5 51. Bb5 Be7 52. Be8 Kf6 53. f4
exf4+ 54. Kxf4 g5+ 55. Ke3 f4+ 56. Kf2 Ke6 57. Bg6 Bd5 58. Bd4 Bf8 59. Bf5+ Kd6
60. Bf6 Kc6 61. h4 Bc5+ 62. Kf1 f3 63. Bd3 gxh4 64. Bxh4 b5 65. Ke1 b4 66. g5
Be7 0-1

[Event "Torneo B"]
[Site "Formia ITA"]
[Date "1995.07.??"]
[Round "?"]
[White "Fuggetta, Leonardo"]
[Black "Milivojevic, Slobodanka"]
[Result "1-0"]
[WhiteElo "2115"]
[BlackElo "2065"]
[PlyCount "111"]
[EventDate "1995.07.20"]

1. c4 Nf6 2. Nc3 e6 3. e4 d6 4. d4 Nbd7 5. Nf3 c5 6. g3 cxd4 7. Nxd4 a6 8. Bg2
Be7 9. O-O O-O 10. b3 Qc7 11. Bb2 Ne5 12. Rc1 Bd7 13. Qe2 Rac8 14. Rfd1 Nc6 15.
Nf3 Rfd8 16. Rd2 Qa5 17. Rcd1 Be8 18. h3 Nb8 19. a3 Qc7 20. e5 dxe5 21. Qxe5
Rxd2 22. Rxd2 Qb6 23. b4 Rxc4 24. Qxb8 Kf8 25. Qe5 Qa7 26. Qe2 b5 27. Ne5 Rc8
28. Rc2 Bd6 29. Ne4 Rxc2 30. Qxc2 Nxe4 31. Qxe4 Qc7 32. Nc6 f5 33. Qf3 g6 34.
Qc3 Bxc6 35. Qxc6 Qxc6 36. Bxc6 Bc7 37. Bb7 a5 38. Bc6 axb4 39. axb4 f4 40.
Bxb5 fxg3 41. fxg3 Bxg3 42. Bd4 Ke7 43. Kg2 Bb8 44. Kf3 e5 45. Bc3 g5 46. Ke4
Kf6 47. Be8 h6 48. Bh5 Bc7 49. b5 Ke6 50. Bg4+ Kf6 51. Bh5 Ke6 52. Bb4 Kf6 53.
Bf8 Bb6 54. Bd6 Bd4 55. Bf8 Ke6 56. Bg4+ 1-0

[Event "Torneo B"]
[Site "Formia ITA"]
[Date "1995.07.??"]
[Round "?"]
[White "Gagliardi, Pietro"]
[Black "Castrogiovanni, Carlo"]
[Result "1/2-1/2"]
[WhiteElo "2180"]
[BlackElo "1929"]
[PlyCount "59"]
[EventDate "1995.07.20"]

1. e4 e5 2. Nf3 d6 3. Nc3 c6 4. a4 Be7 5. d4 Nd7 6. Bc4 Ngf6 7. O-O O-O 8. Ba2
a6 9. h3 b5 10. axb5 cxb5 11. Nd5 Bb7 12. dxe5 Nxe5 13. Nxe5 dxe5 14. Nxe7+
Qxe7 15. f3 Rac8 16. Be3 h6 17. Qe2 Ne8 18. Rfd1 Nd6 19. Bf2 Nc4 20. c3 Qc7 21.
Bb1 Rfd8 22. Bd3 Nb6 23. g3 Rd6 24. Kg2 Rcd8 25. Bc2 Nc4 26. Rxd6 Rxd6 27. Rd1
Nxb2 28. Rxd6 Qxd6 29. Bb3 Na4 30. Bxa4 1/2-1/2

[Event "Torneo B"]
[Site "Formia ITA"]
[Date "1995.07.??"]
[Round "?"]
[White "Gagliardi, Pietro"]
[Black "Doric, Nenad"]
[Result "1/2-1/2"]
[WhiteElo "2180"]
[BlackElo "2245"]
[PlyCount "93"]
[EventDate "1995.07.20"]

1. e4 e5 2. Nf3 d6 3. d4 f5 4. exf5 e4 5. Nfd2 Bxf5 6. Nc4 Nf6 7. Be2 Nbd7 8.
d5 Nb6 9. Ne3 Bg6 10. a4 c6 11. c4 a5 12. O-O Be7 13. Nc3 O-O 14. f4 Nbd7 15.
Kh1 Nc5 16. g4 Nfd7 17. Ra3 Qc7 18. g5 Rae8 19. h4 Kh8 20. h5 Bf7 21. h6 Rg8
22. hxg7+ Kxg7 23. Nf5+ Kf8 24. Bh5 Bg6 25. Nh6 Rg7 26. f5 Bxh5 27. Qxh5 Bd8
28. f6 Rg6 29. Ng4 Ne5 30. Nxe5 Rxe5 31. Bf4 Rxf6 32. Qh3 Qf7 33. Raa1 Rxf4 34.
Rxf4 Qxf4 35. Rf1 Qxf1+ 36. Qxf1+ Kg7 37. dxc6 bxc6 38. Qh3 Bxg5 39. Qc8 e3 40.
Qc7+ Be7 41. Qxc6 Nd3 42. Ne2 Rh5+ 43. Kg2 Rg5+ 44. Kh2 Rh5+ 45. Kg2 Rg5+ 46.
Kh2 Rh5+ 47. Kg2 1/2-1/2

[Event "Torneo B"]
[Site "Formia ITA"]
[Date "1995.07.??"]
[Round "?"]
[White "Gagliardi, Pietro"]
[Black "Esposito, Luca"]
[Result "1-0"]
[WhiteElo "2180"]
[BlackElo "2025"]
[PlyCount "101"]
[EventDate "1995.07.20"]

1. e4 c5 2. Nf3 d6 3. d4 cxd4 4. Nxd4 Nf6 5. Nc3 Nc6 6. Bc4 Qb6 7. Nb3 e6 8.
O-O Be7 9. Kh1 a6 10. a4 Qc7 11. Be2 b6 12. f4 Bb7 13. Be3 O-O 14. Bf3 Nb4 15.
Qe2 Rab8 16. Qf2 Ba8 17. Nd4 Nc6 18. Rad1 Na5 19. g4 Nc4 20. Bc1 d5 21. e5 Ne4
22. Qe1 Bb4 23. Nxd5 Bxe1 24. Nxc7 Nf2+ 25. Rxf2 Bxf2 26. Nxa8 Rxa8 27. Bxa8
Rxa8 28. Kg2 Be3 29. b3 Rd8 30. c3 Bxc1 31. Rxc1 Ne3+ 32. Kf3 Nd5 33. Ke4 Kf8
34. c4 Nxf4 35. Rd1 g5 36. h4 h6 37. hxg5 hxg5 38. Rh1 Kg7 39. b4 Rc8 40. Rc1
Ng6 41. c5 bxc5 42. Rxc5 Ne7 43. Rxc8 Nxc8 44. b5 axb5 45. Nxb5 Nb6 46. a5 Nd7
47. Nc7 f5+ 48. exf6+ Nxf6+ 49. Kf3 Nd7 50. a6 Ne5+ 51. Ke4 1-0

[Event "Torneo B"]
[Site "Formia ITA"]
[Date "1995.07.??"]
[Round "?"]
[White "Gagliardi, Pietro"]
[Black "Ljubisavljevic, Zivojin Z."]
[Result "0-1"]
[WhiteElo "2180"]
[BlackElo "2285"]
[PlyCount "68"]
[EventDate "1995.07.20"]

1. e4 g6 2. d4 Bg7 3. Nf3 d6 4. Nbd2 Nf6 5. Bd3 O-O 6. O-O Nc6 7. c3 Nh5 8. Re1
e5 9. dxe5 dxe5 10. Qc2 Nf4 11. Bf1 g5 12. g3 Nh3+ 13. Kg2 Kh8 14. Ng1 g4 15.
Nxh3 gxh3+ 16. Kg1 Qf6 17. Nc4 Ne7 18. Ne3 Qg6 19. Bd3 f5 20. Nxf5 Nxf5 21.
exf5 Bxf5 22. Bxf5 Rxf5 23. Be3 b6 24. Rad1 Qc6 25. f4 exf4 26. Bxf4 Rxf4 27.
gxf4 Bd4+ 28. Rxd4 Rg8+ 29. Kf1 Qh1+ 30. Ke2 Re8+ 31. Kd3 Qxe1 32. Kc4 Qe6+ 33.
Kb5 a6+ 34. Kxa6 Qc6 0-1

[Event "Torneo B"]
[Site "Formia ITA"]
[Date "1995.07.??"]
[Round "?"]
[White "Gagliardi, Pietro"]
[Black "Stoll, Thomas"]
[Result "0-1"]
[WhiteElo "2180"]
[BlackElo "1950"]
[PlyCount "104"]
[EventDate "1995.07.20"]

1. e4 g6 2. d4 Bg7 3. Nf3 c6 4. a4 d5 5. e5 f6 6. Be2 Bg4 7. Nbd2 Nd7 8. exf6
Ngxf6 9. h3 Bxf3 10. Nxf3 Ne4 11. O-O Qb6 12. a5 Qc7 13. Bd3 O-O-O 14. Qe2 e5
15. Bxe4 dxe4 16. Nxe5 Nxe5 17. dxe5 Qxe5 18. a6 b6 19. Ra4 Rhe8 20. c3 h5 21.
Be3 Bf8 22. Bd4 Qb5 23. Qxb5 cxb5 24. Raa1 Kc7 25. Rfd1 Bc5 26. Be3 Bxe3 27.
fxe3 Rd3 28. Kf2 Red8 29. Rxd3 Rxd3 30. Ke2 Kc6 31. Rf1 b4 32. cxb4 Rb3 33.
Rf6+ Kb5 34. Rxg6 Rxb2+ 35. Kf1 Kc4 36. Rd6 Kxb4 37. Rd4+ Kb5 38. Rxe4 Kxa6 39.
Re5 b5 40. Rxh5 b4 41. e4 b3 42. Rh8 Rc2 43. Rb8 b2 44. g4 Rc1+ 45. Kg2 b1=Q
46. Rxb1 Rxb1 47. g5 Rb8 48. h4 Rg8 49. Kf3 Kb5 50. Kf4 a5 51. h5 a4 52. h6 a3
0-1

[Event "Torneo B"]
[Site "Formia ITA"]
[Date "1995.07.??"]
[Round "?"]
[White "Gazmaga, Stefan"]
[Black "Messina, Enrico"]
[Result "1-0"]
[WhiteElo "2235"]
[BlackElo "2018"]
[PlyCount "79"]
[EventDate "1995.07.20"]

1. c4 Nf6 2. Nc3 g6 3. g3 Bg7 4. Bg2 O-O 5. e4 d6 6. Nge2 e5 7. O-O Nbd7 8. d3
a5 9. h3 Ne8 10. Be3 c6 11. f4 f5 12. exf5 gxf5 13. d4 e4 14. Rb1 Nef6 15. a3
Rf7 16. b4 Bf8 17. b5 h5 18. bxc6 bxc6 19. Qa4 Qc7 20. Rb2 Be7 21. Rfb1 Rg7 22.
Kh2 h4 23. g4 Rxg4 24. d5 cxd5 25. cxd5 Rg6 26. Qc6 Qxc6 27. dxc6 Nf8 28. Rb8
Rxb8 29. Rxb8 Bd7 30. cxd7 N6xd7 31. Ra8 d5 32. Rxa5 Rd6 33. Nd4 Ne6 34. Nxe6
Rxe6 35. Nxd5 Bd6 36. Bf1 Nf6 37. Bc4 Kh7 38. Bd4 e3 39. Bxf6 Kh6 40. Bg5+ 1-0

[Event "Torneo B"]
[Site "Formia ITA"]
[Date "1995.07.??"]
[Round "?"]
[White "Gazmaga, Stefan"]
[Black "Mihalj, Miroslav M."]
[Result "1-0"]
[WhiteElo "2235"]
[BlackElo "2240"]
[PlyCount "160"]
[EventDate "1995.07.20"]

1. c4 g6 2. Nc3 Bg7 3. d4 c5 4. d5 d6 5. e4 Nf6 6. Bd3 O-O 7. Nf3 e6 8. O-O
exd5 9. exd5 Bg4 10. h3 Bxf3 11. Qxf3 Nfd7 12. Qg3 Ne5 13. Be2 f5 14. f4 Nf7
15. Bd2 Nd7 16. Rae1 Nf6 17. Bd3 Qd7 18. Bc2 a6 19. Ba4 Qc7 20. Re2 Nd8 21.
Rfe1 Rf7 22. Qh4 b6 23. Be8 Nxe8 24. Rxe8+ Bf8 25. Nb1 Rb8 26. Bc3 Nb7 27. R8e6
Bg7 28. Re7 Bxc3 29. bxc3 Qd8 30. Nd2 h6 31. R1e6 Rxe7 32. Rxe7 Qf8 33. Qe1 Qf6
34. Re6 Qf7 35. Qg3 Kg7 36. Qe3 Kf8 37. Qg3 Kg7 38. Qe1 Kf8 39. Qb1 Nd8 40. Re2
b5 41. Qd3 Rb7 42. a3 Qf6 43. Qe3 Re7 44. Qxe7+ Qxe7 45. Rxe7 Kxe7 46. cxb5
axb5 47. c4 b4 48. a4 Kd7 49. Kf2 Kc7 50. Ke3 Kb6 51. Nb3 h5 52. Kd3 h4 53. Kc2
Nf7 54. Nd2 g5 55. Nf3 gxf4 56. Nxh4 Ne5 57. Kb3 Nd3 58. Ng6 Ka5 59. h4 Nc1+
60. Kb2 Nd3+ 61. Kb3 Nc1+ 62. Kc2 Ne2 63. h5 Kxa4 64. h6 Ka3 65. h7 b3+ 66. Kd2
b2 67. h8=Q b1=Q 68. Qa8+ Kb2 69. Qb8+ Ka2 70. Qa8+ Kb3 71. Qb7+ Ka2 72. Qa7+
Kb3 73. Qb7+ Ka2 74. Qa7+ Kb3 75. Qb7+ Ka2 76. Qa6+ Kb2 77. Qb5+ Ka2 78. Qa5+
Kb2 79. Qb5+ Ka2 80. Qxb1+ Kxb1 1-0

[Event "Torneo B"]
[Site "Formia ITA"]
[Date "1995.07.??"]
[Round "?"]
[White "Gazmaga, Stefan"]
[Black "Vujovic, Milorad"]
[Result "1/2-1/2"]
[WhiteElo "2235"]
[BlackElo "2305"]
[PlyCount "120"]
[EventDate "1995.07.20"]

1. c4 e5 2. Nc3 Nc6 3. Nf3 Bb4 4. g3 Nf6 5. Bg2 d6 6. O-O Be6 7. d3 Bxc3 8.
bxc3 h6 9. Rb1 Rb8 10. e4 Qd7 11. Nh4 Ne7 12. f4 exf4 13. gxf4 Bh3 14. Rb2 Bxg2
15. Rxg2 Qh3 16. Nf3 Nh5 17. Qa4+ Nc6 18. d4 O-O 19. d5 Ne7 20. Qxa7 Ng6 21.
Qd4 c5 22. dxc6 bxc6 23. f5 c5 24. Qf2 Ngf4 25. Bxf4 Nxf4 26. Rg3 Qh5 27. Kh1
Kh8 28. Ng1 g5 29. Qd2 Rb6 30. Rxf4 gxf4 31. Qxf4 Rg8 32. Rxg8+ Kxg8 33. Nf3
Qh3 34. Qg3+ Qxg3 35. hxg3 Rb2 36. f6 Rf2 37. Nh4 Rxf6 38. Nf5 Kf8 39. Kg2 Ke8
40. Kf3 Kd7 41. g4 Kc7 42. Kf4 Kb6 43. Kg3 Ka5 44. Kh4 Ka4 45. Kh5 Ka3 46. Nxh6
Kxa2 47. Kg5 Rg6+ 48. Kh5 Rf6 49. Kg5 Rg6+ 50. Kh5 Kb3 51. Nxf7 Rf6 52. Nh6
Kxc4 53. g5 Re6 54. Nf5 Kxc3 55. g6 c4 56. g7 Re8 57. Nxd6 Rg8 58. Kg6 Kd4 59.
Nxc4 Rxg7+ 60. Kxg7 Kxe4 1/2-1/2

[Event "Torneo B"]
[Site "Formia ITA"]
[Date "1995.07.??"]
[Round "?"]
[White "Isonzo, David"]
[Black "Auletta, Angelo"]
[Result "0-1"]
[WhiteElo "2190"]
[BlackElo "2230"]
[PlyCount "65"]
[EventDate "1995.07.20"]

1. e4 c5 2. Nc3 Nc6 3. f4 e6 4. Nf3 d5 5. Bb5 Nge7 6. Ne5 Bd7 7. Nxd7 Qxd7 8.
exd5 exd5 9. Qh5 Qe6+ 10. Qe2 Qxe2+ 11. Nxe2 O-O-O 12. c3 d4 13. b3 a6 14. Bxc6
Nxc6 15. Bb2 d3 16. Ng3 Re8+ 17. Kf2 c4 18. b4 g6 19. Rae1 Bd6 20. Kf3 f5 21.
Rhf1 Kd7 22. Nh1 Ne7 23. Nf2 Nd5 24. g3 Nf6 25. Bc1 b5 26. Nd1 Bc7 27. a4 Ng4
28. Rh1 Rxe1 29. Rxe1 Nxh2+ 30. Kg2 Ng4 31. a5 Bb8 32. Nf2 Nxf2 33. Kxf2 0-1

[Event "Torneo B"]
[Site "Formia ITA"]
[Date "1995.07.??"]
[Round "?"]
[White "Isonzo, David"]
[Black "Picardi, Angelo"]
[Result "1/2-1/2"]
[WhiteElo "2190"]
[BlackElo "2048"]
[PlyCount "25"]
[EventDate "1995.07.20"]

1. e4 e6 2. d4 d5 3. Nc3 Nf6 4. Bg5 Be7 5. e5 Ng8 6. Be3 b6 7. Qg4 g6 8. Nf3
Ba6 9. Bxa6 Nxa6 10. h4 h5 11. Qg3 Qd7 12. O-O-O O-O-O 13. Kb1 1/2-1/2

[Event "Torneo B"]
[Site "Formia ITA"]
[Date "1995.07.??"]
[Round "?"]
[White "Isonzo, David"]
[Black "Sannino, Raffaele"]
[Result "1-0"]
[WhiteElo "2190"]
[BlackElo "1906"]
[PlyCount "35"]
[EventDate "1995.07.20"]

1. e4 g6 2. d4 Bg7 3. Nc3 d6 4. Bc4 Nf6 5. Qe2 O-O 6. e5 Ne8 7. Nf3 c5 8. dxc5
dxe5 9. Bg5 Nf6 10. Nxe5 Qa5 11. Nxf7 Rxf7 12. Qxe7 Nd5 13. Bxd5 Bxc3+ 14. bxc3
Qxc3+ 15. Ke2 Qxc2+ 16. Bd2 Qf5 17. Qe8+ Kg7 18. Bc3+ 1-0

[Event "Torneo B"]
[Site "Formia ITA"]
[Date "1995.07.??"]
[Round "?"]
[White "Isonzo, David"]
[Black "Vujovic, Milorad"]
[Result "0-1"]
[WhiteElo "2190"]
[BlackElo "2305"]
[PlyCount "42"]
[EventDate "1995.07.20"]

1. e4 c5 2. Nc3 Nc6 3. f4 d6 4. Nf3 Nf6 5. Bc4 e6 6. O-O Be7 7. d3 O-O 8. Qe1
d5 9. Bb3 dxe4 10. Nxe4 Na5 11. Bd2 Nxb3 12. axb3 b6 13. Nxf6+ Bxf6 14. Bc3 Bb7
15. Ne5 a5 16. Qg3 b5 17. Qf2 b4 18. Bd2 Qd5 19. Nc4 Ra6 20. Be3 Rd8 21. Bxc5
Bh4 0-1

[Event "Torneo B"]
[Site "Formia ITA"]
[Date "1995.07.??"]
[Round "?"]
[White "La Gatta, Giovanni"]
[Black "Accardo, Francesco"]
[Result "1-0"]
[WhiteElo "2055"]
[BlackElo "1898"]
[PlyCount "101"]
[EventDate "1995.07.20"]

1. d4 d5 2. c4 c6 3. cxd5 cxd5 4. Nf3 Nf6 5. g3 Nc6 6. Bg2 Bf5 7. O-O e6 8. Nc3
h6 9. Bf4 Bd6 10. Rc1 Bxf4 11. gxf4 O-O 12. Ne5 Rc8 13. e3 Qb6 14. Qe2 Rfd8 15.
Rfd1 Nb4 16. a3 Na6 17. Qb5 Qc7 18. Ne2 Qe7 19. Ng3 Bc2 20. Re1 Ne8 21. Bf1 f6
22. Nf3 Nd6 23. Qe2 Bg6 24. Nd2 b5 25. b3 Nc7 26. Qg4 Be8 27. Bd3 f5 28. Qe2 a5
29. Nf3 Nf7 30. Qb2 g5 31. fxg5 hxg5 32. Ne5 Nxe5 33. dxe5 d4 34. exd4 b4 35.
a4 Nd5 36. Bc4 Nf4 37. Nxf5 Qh7 38. Ng3 Qb7 39. Bf1 Qd5 40. Ne4 Kh8 41. Rcd1
Bg6 42. f3 g4 43. Qf2 gxf3 44. Qh4+ Nh5 45. Nf6 f2+ 46. Qxf2 Qxb3 47. Nxh5 Bxh5
48. Qf6+ Kh7 49. Bd3+ Qxd3 50. Rxd3 Rg8+ 51. Rg3 1-0

[Event "Torneo B"]
[Site "Formia ITA"]
[Date "1995.07.??"]
[Round "?"]
[White "La Gatta, Giovanni"]
[Black "Della Ragione, Achille"]
[Result "0-1"]
[WhiteElo "2055"]
[BlackElo "2142"]
[PlyCount "84"]
[EventDate "1995.07.20"]

1. d4 d5 2. c4 Bf5 3. Nc3 e6 4. Nf3 Nc6 5. e3 Nb4 6. Kd2 Nf6 7. Qa4+ c6 8. a3
Ne4+ 9. Nxe4 dxe4 10. Ne5 f6 11. Nf7 Kxf7 12. axb4 e5 13. Kc3 Bd6 14. c5 Bc7
15. Bc4+ Kg6 16. g4 Bd7 17. Qc2 f5 18. Rg1 Kf6 19. g5+ Ke7 20. Qe2 Qe8 21. Kc2
a6 22. Bd2 Be6 23. Bxe6 Kxe6 24. Bc3 Rd8 25. h4 Rd5 26. f4 exf4 27. exf4 g6 28.
Rgf1 Qb8 29. Qe3 h6 30. Qg3 Qd8 31. Rae1 hxg5 32. hxg5 Rh5 33. Rh1 Qh8 34. Rxh5
Qxh5 35. Kd2 Rd7 36. Ke3 Rh7 37. Rg1 Qh3 38. Bd2 Qxg3+ 39. Rxg3 Rh4 40. Kf2
Bxf4 41. Bxf4 Rxf4+ 42. Ke3 Rh4 0-1

[Event "Torneo B"]
[Site "Formia ITA"]
[Date "1995.07.??"]
[Round "?"]
[White "La Gatta, Giovanni"]
[Black "Gazmaga, Stefan"]
[Result "0-1"]
[WhiteElo "2055"]
[BlackElo "2235"]
[PlyCount "80"]
[EventDate "1995.07.20"]

1. d4 Nf6 2. c4 e6 3. Nc3 d5 4. cxd5 exd5 5. Bg5 c6 6. Qc2 Be7 7. e3 Nbd7 8.
Bd3 O-O 9. Nge2 Re8 10. O-O Nf8 11. Rab1 Nh5 12. Bxe7 Rxe7 13. b4 Re6 14. Ng3
Rh6 15. Nce2 Qh4 16. h3 Nxg3 17. Nxg3 g6 18. Rfd1 a6 19. Qe2 Bd7 20. Qf3 f5 21.
Ne2 Ne6 22. Qg3 Qxg3 23. Nxg3 f4 24. Nf1 f3 25. gxf3 Ng5 26. Nh2 Bxh3 27. Be2
Re8 28. Ng4 Bxg4 29. fxg4 Ne4 30. Rbc1 g5 31. Kg2 Rf6 32. f3 Nd6 33. Rc3 Rfe6
34. Kf2 Kg7 35. Rh1 h6 36. Rh3 Rf8 37. a3 Ne4+ 38. Ke1 Nxc3 39. Kd2 Nxe2 40.
Kxe2 Rfe8 0-1

[Event "Torneo B"]
[Site "Formia ITA"]
[Date "1995.07.??"]
[Round "?"]
[White "La Gatta, Giovanni"]
[Black "Zinani, Alessandro"]
[Result "0-1"]
[WhiteElo "2055"]
[BlackElo "2100"]
[PlyCount "64"]
[EventDate "1995.07.20"]

1. d4 d5 2. c4 c6 3. e3 Nf6 4. Nf3 g6 5. Nc3 Bg7 6. Bd3 O-O 7. h3 dxc4 8. Bxc4
Nbd7 9. O-O b5 10. Bd3 a6 11. a4 b4 12. Ne4 a5 13. Nxf6+ Bxf6 14. e4 e5 15.
dxe5 Nxe5 16. Nxe5 Bxe5 17. Qc2 Be6 18. Be3 Qf6 19. Rab1 Ba2 20. Rbd1 b3 21.
Qc5 Bxb2 22. f4 Qc3 23. Qxc3 Bxc3 24. Rc1 Bb2 25. Rxc6 Rac8 26. Rxc8 Rxc8 27.
Kf2 Ba3 28. Bd4 b2 29. Ke2 Rc1 30. Rf3 Bc4 31. Bxb2 Bxb2 32. Bxc4 Rxc4 0-1

[Event "Torneo B"]
[Site "Formia ITA"]
[Date "1995.07.??"]
[Round "?"]
[White "Liguori, Renato"]
[Black "Bellincampi, Stefano"]
[Result "1/2-1/2"]
[WhiteElo "1888"]
[BlackElo "2060"]
[PlyCount "74"]
[EventDate "1995.07.20"]

1. Nf3 Nf6 2. g3 b6 3. Bg2 Bb7 4. O-O e6 5. d3 Be7 6. e4 d6 7. h3 Nbd7 8. c4 c5
9. Nc3 O-O 10. Be3 Rc8 11. Qd2 a6 12. Rae1 Qc7 13. Nh4 Rfd8 14. f4 Nf8 15. f5
d5 16. exd5 exd5 17. Bf4 Bd6 18. Bxd6 Rxd6 19. Qf4 Qd7 20. Nf3 Rd8 21. Ne5 Qc8
22. Qf3 Ba8 23. g4 N8d7 24. Nxd7 Qxd7 25. Qe2 dxc4 26. Bxa8 Rxa8 27. dxc4 h6
28. Rd1 Re8 29. Qf3 Rd4 30. b3 Qd6 31. Kg2 Rd2+ 32. Rf2 Rxd1 33. Qxd1 Qe5 34.
Qd3 Qe1 35. Re2 Rxe2+ 36. Nxe2 Kh7 37. Nc3 Qe5 1/2-1/2

[Event "Torneo B"]
[Site "Formia ITA"]
[Date "1995.07.??"]
[Round "?"]
[White "Liguori, Renato"]
[Black "Isonzo, David"]
[Result "0-1"]
[WhiteElo "1888"]
[BlackElo "2190"]
[PlyCount "60"]
[EventDate "1995.07.20"]

1. Nf3 Nf6 2. g3 e6 3. Bg2 d5 4. O-O Be7 5. d3 O-O 6. Nbd2 c5 7. e4 Nc6 8. Re1
Qc7 9. c3 b5 10. Nf1 Rd8 11. e5 Ne8 12. h4 b4 13. d4 Ba6 14. N1h2 Rdc8 15. Ng4
bxc3 16. bxc3 cxd4 17. cxd4 Nb4 18. Bg5 Nc2 19. Rc1 Ba3 20. Qd2 Bxc1 21. Rxc1
Qc3 22. Qf4 Bd3 23. Ne1 Qa3 24. Bf6 Nxe1 25. Rc5 Rxc5 26. Bxg7 Nf3+ 27. Qxf3
Rc1+ 28. Kh2 Kxg7 29. Qf4 Rac8 30. h5 Qe7 0-1